| 000 | 01475cam a22003977a 4500 | ||
|---|---|---|---|
| 001 | 110990 | ||
| 005 | 20230410121127.0 | ||
| 008 | 120412s2011 enkb b 001 0 eng d | ||
| 035 | _a17276475 | ||
| 925 | 0 |
_aacquire _b2 shelf copy _xpolicy default |
|
| 942 |
_2lcc _cbk |
||
| 010 | _a 2012429403 | ||
| 016 | 7 |
_a015716916 _2Uk |
|
| 020 | _a9781849041225 | ||
| 020 | _a1849041229 | ||
| 020 | _a9781849041218 | ||
| 020 | _a1849041210 | ||
| 035 | _a(OCoLC)ocn693704796 | ||
| 040 |
_aYDXCP _cYDXCP _dUKMGB _dBWK _dCDX _dNDD _dNLE _dZCU _dIUL _dDLC |
||
| 041 | _aeng | ||
| 042 | _alccopycat | ||
| 043 | _aap----- | ||
| 050 | 1 | 4 |
_aJQ 1840 _bP887 2011 |
| 082 | 0 | 0 | _a320.9536 |
| 245 | 0 | 0 |
_aPower and politics in the Persian gulf monarchies / _cChristopher M. Davidson (editor). |
| 260 |
_aLondon : _bC. Hurst & Co., _c2011. |
||
| 300 |
_aviii, 203 p. : _bmap ; _c22 cm. |
||
| 505 | 0 | _aIntroduction / Christopher M. Davidson -- The United Arab Emirates / Christopher M. Davidson -- Bahrain / Jane Kinninmont -- Saudi Arabia / Kristian Coates Ulrichsen -- Kuwait / David Roberts -- Qatar / Steven Wright -- Oman / Marc Valeri | |
| 504 | _aIncludes bibliographical references (p. 181-187) and index. | ||
| 650 | 0 |
_aMonarchy _zPersian Gulf Region. |
|
| 651 | 0 |
_aPersian Gulf Region _xPolitics and government. |
|
| 700 | 1 |
_aDavidson, Christopher M. _q(Christopher Michael) |
|
| 923 |
_apurchase _d20120419 _nI-200004009 _sCoutts |
||
| 985 | _eVENDOR LOAD | ||
| 946 | _adpf | ||
| 999 |
_c58474 _d58474 |
||